| 000 | 01935nam1a2200337 i 4500 | ||
|---|---|---|---|
| 001 | RU\NLR\bibl\316010 | ||
| 005 | 20260607065544.0 | ||
| 035 | _a(NLR Aleph) 000311093 | ||
| 090 |
_a38182 _c38182 |
||
| 100 | _a20021008g20019999u y0rusy50 ca | ||
| 101 | 0 | _arus | |
| 102 | _aRU | ||
| 105 | _ay ||||||||| | ||
| 200 | 1 |
_aОсновы управления персоналом (кадрами) в органах внутренних дел _eУчеб. пособие _eВ 2 ч. _f[Афоничкин, С.Н., Мухортов А.А., Рябов С.А. и др.] _gПод ред. к.социол.н., доц. Михайлова В.И. _gМ-во внутрен. дел Рос. Федерации, Уфим. юрид. ин-т |
|
| 210 |
_aУФА _cУЮИ _d2001 |
||
| 215 | _d20 | ||
| 463 | 0 | _1001307183 | |
| 463 | 0 | _1001307186 | |
| 606 | 0 |
_aОрганы внутренних дел _jРуководства, пособия и т.п. _xКадры _xУправление _yРоссийская Федерация _92190384 _3RU\NLR\auth\661316733 |
|
| 606 | 0 |
_aОрганы внутренних дел _jУчебные издания для высшей школы _xКадры _xУправление _yРоссийская Федерация _92190384 _3RU\NLR\auth\661316733 |
|
| 686 | _aХ621.163.01я73 | ||
| 701 | 1 |
_aАфоничкин _bС. Н. _gСергей Николаевич _4070 |
|
| 701 | 1 |
_aМухортов _bА. А. _gАнатолий Александрович _4070 |
|
| 701 | 1 |
_aРябов Сергей Анатольевич _4070 |
|
| 702 | 1 |
_4340 _7ca _8rus _aМихайлов _bВ. И. _cканд. социол. наук _gВладимир Иванович _9123552 _3RU\NLR\auth\7713870 |
|
| 712 | 0 | 2 |
_4570 _aУфимский юридический институт _9424180 _3RU\NLR\AUTH\889963970 |
| 801 | 0 |
_aRU _bNLR _c20021008 _gPSBO |
|
| 801 | 1 |
_aRU _bNLR _c20021008 |
|
| 852 |
_aNLR _j2002-3/22074 |
||
| 942 | _cBOOK | ||